000 00468nam a22001817a 4500
003 MPLRDC
005 20220104165558.0
008 210129b ||||| |||| 00| 0 eng d
020 _a0-07-099088-3
082 _a550.7 BEGG c.2
100 _aDAVID BEGG, STANLEY FISCHER, RUDIGER DORNBUSCH
245 _aECONOMICS; SECOND EDITION
_c
250 _a初版
260 _a
_bMCGRAW HILL BOOK COMPANY
_c1987
300 _b
650 _a
942 _cBK
_o550.7 BEGG c.2
999 _c57512
_d57502